Fire Emblem Path of Radiance Characters by Recruitment Order - Statistics

General Stats
  • This quiz has been taken 14 times
  • The average score is 29 of 46
Answer Stats
Chapter Character % Correct
1 Boyd
100%
Prologue Ike
100%
1 Oscar
100%
2 Rhys
100%
1 Titania
100%
3 Gatrie
90%
3 Shinon
90%
Post-10 Brom
80%
8 Ilyana
80%
12 Jill
80%
Post-10 Kieran
80%
10 Lethe
80%
9 Marcia
80%
10 Mordecai
80%
Post-10 Nephenee
80%
10 Volke
80%
11 Zihark
80%
13 Astrid
70%
7 Mia
70%
9 Mist
70%
9 Rolf
70%
4 Soren
70%
Post-11 Sothe
70%
17 Janaff
60%
14 Makalov
60%
17 Reyson
60%
17 Tanith
60%
17 Ulki
60%
Post-19 Calill
50%
16 Devdan
50%
Post-15 Muarim
50%
15 Stefan
50%
21 Tauroneo
50%
Post-15 Tormod
50%
26 Elincia
40%
Post-27 Ena
40%
Final Giffca
40%
24 Lucia
40%
Final Naesala
40%
Post-27 Nasir
40%
Final Tibarn
40%
24 Bastian
30%
Post-24 Geoffrey
30%
23 Haar
30%
Post-24 Largo
30%
23 Ranulf
30%
No matching quizzes found
Score Distribution
Percent of People with Each Score
Percentile by Number Answered
Your Score History
You have not taken this quiz